| 000 | 00494nam a2200205Ia 4500 | ||
|---|---|---|---|
| 003 | OSt | ||
| 005 | 20250425085152.0 | ||
| 008 | 210423s2001 xx 000 0 und d | ||
| 020 | _a415311721 | ||
| 040 | _cAL | ||
| 041 | _aeng | ||
| 082 |
_a801 _223 _bSANA |
||
| 100 |
_aJulie Sanders _9208784 |
||
| 245 | _aAdaptation and appropriation. | ||
| 260 |
_aLondon _bRoutledge _c2001 |
||
| 300 |
_axi,184 _bPB |
||
| 365 |
_b240 _cINR |
||
| 906 | _aAdaptation ; appropriation. | ||
| 942 |
_2ddc _cBK |
||
| 999 |
_c159358 _d159358 |
||